[Event "25. Copenhagen Open  (Politiken Cup)"]
[Site "Copenhagen"]
[Date "2003.07.25"]
[Round "11"]
[White "Hansen, Alexei"]
[Black "Hartung Nielsen, Jens"]
[Result "1-0"]
[WhiteElo "1973"]
[BlackElo "2233"]
[PlyCount "113"]
[EventDate "2003.07.14"]
[EventType "swiss"]
[EventRounds "11"]
[EventCountry "DEN"]
[SourceDate "2004.01.01"]

1. e4 c5 2. Nf3 d6 3. d4 cxd4 4. Nxd4 Nf6 5. Nc3 g6 6. Be3 Bg7 7. f3 Nc6 8. Qd2
O-O 9. Bc4 Bd7 10. O-O-O Qa5 11. Kb1 Rfc8 12. Bb3 Ne5 13. h4 Nc4 14. Bxc4 Rxc4
15. Nb3 Qc7 16. Bd4 a5 17. Bxf6 exf6 18. Qxd6 Qxd6 19. Rxd6 Be6 20. Rhd1 Rcc8
21. Nd5 Bxd5 22. R1xd5 a4 23. Na5 Bf8 24. Rxf6 Be7 25. Rb6 Bc5 26. Rb5 b6 27.
Nb7 Bf2 28. Nd6 Rc6 29. h5 Ra7 30. e5 Kg7 31. Ne4 Bg1 32. Rd1 Be3 33. Rd3 Bg1
34. Rd1 Be3 35. Rd3 Bg1 36. Rbd5 gxh5 37. Rd6 Rc8 38. Ng3 Raa8 39. Nxh5+ Kf8
40. Rd7 Bc5 41. f4 Be7 42. Nf6 h6 43. Nh7+ Ke8 44. Nf6+ Kf8 45. Rxe7 Kxe7 46.
Nd5+ Ke6 47. Nxb6 Kf5 48. Nxa8 Rxa8 49. g3 h5 50. b4 axb3 51. axb3 h4 52. gxh4
Kxf4 53. Rd7 Kxe5 54. Rxf7 Rh8 55. Rd7 Rxh4 56. Kb2 Ke6 57. Rd1 1-0

[Event "25. Copenhagen Open  (Politiken Cup)"]
[Site "Copenhagen"]
[Date "2003.07.25"]
[Round "11"]
[White "Hansen, Anders"]
[Black "Bromann, Thorbjorn"]
[Result "0-1"]
[WhiteElo "2044"]
[BlackElo "2360"]
[PlyCount "90"]
[EventDate "2003.07.14"]
[EventType "swiss"]
[EventRounds "11"]
[EventCountry "DEN"]
[SourceDate "2004.01.01"]

1. d4 d5 2. c4 Nc6 3. cxd5 Qxd5 4. e3 e5 5. Nc3 Bb4 6. Bd2 Bxc3 7. bxc3 Qd6 8.
Ne2 h5 9. h4 Bg4 10. Qa4 Nge7 11. Ng3 Qg6 12. Bc4 O-O 13. d5 Nb8 14. e4 Nd7 15.
Qa3 Nc8 16. Bd3 b6 17. Be3 c5 18. c4 Nd6 19. O-O b5 20. cxb5 c4 21. Bc2 Nxb5
22. Qa4 Nd6 23. Qa3 Nb6 24. Bg5 Nb5 25. Qa5 Nd4 26. Bd1 Bxd1 27. Rfxd1 f6 28.
Be3 Nc2 29. Nf5 Kh7 30. Rac1 Nxe3 31. fxe3 Qg4 32. Qc5 Qxe4 33. Rf1 Qxd5 34.
Qe7 Rf7 35. Qb4 Rd8 36. a4 g6 37. a5 Nc8 38. Ng3 Nd6 39. Rf3 f5 40. Rcf1 Rb7
41. Qc3 Rb3 42. Qa1 e4 43. Qf6 exf3 44. Qxd8 fxg2 45. Re1 Rb7 0-1

[Event "25. Copenhagen Open  (Politiken Cup)"]
[Site "Copenhagen"]
[Date "2003.07.25"]
[Round "11"]
[White "Hansen, Ejlif Trier"]
[Black "Auchenberg, Einar"]
[Result "0-1"]
[WhiteElo "1291"]
[BlackElo "1549"]
[PlyCount "104"]
[EventDate "2003.07.14"]
[EventType "swiss"]
[EventRounds "11"]
[EventCountry "DEN"]
[SourceDate "2004.01.01"]

1. d4 Nf6 2. Nf3 e6 3. c4 b6 4. Nc3 Bb4 5. Bd2 O-O 6. a3 Be7 7. e3 d6 8. b4 Bb7
9. Be2 Nbd7 10. O-O Ne4 11. Be1 f5 12. d5 exd5 13. cxd5 Bf6 14. Rc1 g5 15. Nd4
Bxd4 16. Qxd4 c5 17. bxc5 dxc5 18. Qd1 Ndf6 19. Nxe4 Nxe4 20. f3 Nd6 21. Qd2
Qe7 22. Bf2 Rae8 23. Rfd1 h5 24. Qa2 h4 25. h3 Qe5 26. Qb3 Rf7 27. a4 Rc8 28.
Qc3 Re8 29. a5 Qxc3 30. Rxc3 Re5 31. axb6 axb6 32. Rb3 Nc8 33. Bc4 Rd7 34. Rbd3
Rd6 35. g3 f4 36. gxf4 gxf4 37. e4 Rg6+ 38. Kh1 Nd6 39. Ba2 c4 40. Ra3 b5 41.
Bc5 Reg5 42. Bxd6 Rxd6 43. Ra7 Rd7 44. d6 Bc6 45. Rc7 Rc5 46. Kh2 Kf7 47. Rd4
Ke6 48. Rxd7 Kxd7 49. Bb1 c3 50. Bc2 Rc4 51. Rxc4 bxc4 52. e5 Ke6 0-1

[Event "25. Copenhagen Open  (Politiken Cup)"]
[Site "Copenhagen"]
[Date "2003.07.25"]
[Round "11"]
[White "Hansen, Erik Friberg"]
[Black "Lisdorf, Bjorn"]
[Result "0-1"]
[WhiteElo "1220"]
[BlackElo "1398"]
[PlyCount "100"]
[EventDate "2003.07.14"]
[EventType "swiss"]
[EventRounds "11"]
[EventCountry "DEN"]
[SourceDate "2004.01.01"]

1. d4 Nf6 2. c4 e6 3. Nc3 Bb4 4. Bg5 c5 5. a3 Bxc3+ 6. bxc3 Qa5 7. Bd2 Ne4 8.
Qc2 Nxd2 9. Qxd2 cxd4 10. cxd4 Qxd2+ 11. Kxd2 O-O 12. e3 Nc6 13. Nf3 d6 14. Be2
Bd7 15. Rhc1 Na5 16. Rab1 Rac8 17. c5 dxc5 18. dxc5 Ba4 19. Bd1 Rfd8+ 20. Ke1
Rxd1+ 21. Rxd1 Bxd1 22. Rxd1 Nb3 23. c6 bxc6 24. Ne5 f6 25. Nd7 Kf7 26. Rb1 Ke7
27. Rxb3 Kxd7 28. Rd3+ Kc7 29. Kd2 Rd8 30. Rxd8 Kxd8 31. Kd3 Kc7 32. Kc4 h5 33.
f4 Kd6 34. e4 g6 35. g3 c5 36. h3 Kc6 37. g4 f5 38. exf5 exf5 39. gxf5 gxf5 40.
h4 a6 41. a4 a5 42. Kc3 Kd5 43. Kd3 c4+ 44. Kc3 Kc5 45. Kc2 Kd4 46. Kb2 Ke4 47.
Kc3 Kxf4 48. Kxc4 Kg3 49. Kd3 f4 50. Ke2 Kg2 0-1

[Event "25. Copenhagen Open  (Politiken Cup)"]
[Site "Copenhagen"]
[Date "2003.07.25"]
[Round "11"]
[White "Hansen, Rene Rauer"]
[Black "Zachariassen, John"]
[Result "1/2-1/2"]
[WhiteElo "2055"]
[BlackElo "1781"]
[PlyCount "62"]
[EventDate "2003.07.14"]
[EventType "swiss"]
[EventRounds "11"]
[EventCountry "DEN"]
[SourceDate "2004.01.01"]

1. d4 g6 2. g3 Bg7 3. Bg2 d6 4. Nf3 Nf6 5. O-O O-O 6. c4 Nc6 7. Nc3 a6 8. Re1
e5 9. dxe5 dxe5 10. Qxd8 Rxd8 11. Bg5 Re8 12. Rad1 h6 13. Bxf6 Bxf6 14. Nd5 Bd8
15. Rd2 e4 16. Nd4 Nxd4 17. Rxd4 c6 18. Ne3 f5 19. c5 Bf6 20. Rb4 Re5 21. Nc4
Rxc5 22. Nb6 Rb8 23. Nxc8 Rxc8 24. Rxb7 Rd8 25. e3 Rd2 26. Bf1 Rcc2 27. Bxa6
Rxf2 28. Bc4+ Kh8 29. Rb8+ Kg7 30. Rb7+ Kh8 31. Rb8+ Kg7 1/2-1/2

[Event "25. Copenhagen Open  (Politiken Cup)"]
[Site "Copenhagen"]
[Date "2003.07.25"]
[Round "11"]
[White "Hanssen, Gunnar Berg"]
[Black "Frisk, Hans"]
[Result "1/2-1/2"]
[WhiteElo "2280"]
[BlackElo "1980"]
[PlyCount "82"]
[EventDate "2003.07.14"]
[EventType "swiss"]
[EventRounds "11"]
[EventCountry "DEN"]
[SourceDate "2004.01.01"]

1. Nf3 d5 2. c4 c6 3. d4 Nf6 4. Nc3 e6 5. e3 Nbd7 6. Bd3 dxc4 7. Bxc4 b5 8. Bd3
b4 9. Ne4 Nxe4 10. Bxe4 Bb7 11. O-O Be7 12. b3 O-O 13. Bb2 f5 14. Bd3 Bf6 15.
e4 c5 16. exf5 exf5 17. Bxf5 cxd4 18. Nxd4 Nc5 19. Qh5 h6 20. Rad1 Qd5 21. Qg6
Qxg2+ 22. Qxg2 Bxg2 23. Kxg2 Bxd4 24. Rxd4 Rxf5 25. Rfd1 Raf8 26. R1d2 a5 27.
Rd5 Ne4 28. Rxf5 Rxf5 29. Rc2 Rc5 30. Rxc5 Nxc5 31. Bd4 Ne4 32. Kf3 Nd2+ 33.
Ke3 Nf1+ 34. Ke2 Nxh2 35. f3 Kf7 36. Be5 Nxf3 37. Kxf3 Ke6 38. Bc7 a4 39. bxa4
Kd5 40. Kf4 Kc6 41. Bd8 Kb7 1/2-1/2

[Event "25. Copenhagen Open  (Politiken Cup)"]
[Site "Copenhagen"]
[Date "2003.07.25"]
[Round "11"]
[White "Harstad, Christian"]
[Black "Harestad, Hans Krogh"]
[Result "0-1"]
[WhiteElo "1714"]
[BlackElo "2249"]
[PlyCount "48"]
[EventDate "2003.07.14"]
[EventType "swiss"]
[EventRounds "11"]
[EventCountry "DEN"]
[SourceDate "2004.01.01"]

1. d4 Nf6 2. c4 e6 3. Nc3 Bb4 4. Qc2 c5 5. dxc5 Na6 6. a3 Bxc3+ 7. Qxc3 Nxc5 8.
b4 Nce4 9. Qc2 d5 10. f3 Nd6 11. c5 Nf5 12. e3 O-O 13. Bd3 d4 14. e4 Ne7 15. e5
Nfd5 16. Bxh7+ Kh8 17. h4 Qc7 18. f4 f5 19. exf6 gxf6 20. Nf3 Nxf4 21. O-O Ned5
22. Bd2 Qxh7 23. Qxh7+ Kxh7 24. Nxd4 e5 0-1

[Event "25. Copenhagen Open  (Politiken Cup)"]
[Site "Copenhagen"]
[Date "2003.07.25"]
[Round "11"]
[White "Hesselberg, Leif"]
[Black "Tidman, Sophie E"]
[Result "0-1"]
[WhiteElo "1913"]
[BlackElo "2126"]
[PlyCount "58"]
[EventDate "2003.07.14"]
[EventType "swiss"]
[EventRounds "11"]
[EventCountry "DEN"]
[SourceDate "2004.01.01"]

1. d4 Nf6 2. Nf3 e6 3. Bg5 Be7 4. c4 b6 5. Nc3 Bb7 6. e3 d6 7. Bd3 Nbd7 8. O-O
h6 9. Bh4 O-O 10. Bg3 Rc8 11. Qe2 d5 12. cxd5 exd5 13. Ba6 Bxa6 14. Qxa6 c5 15.
dxc5 Nxc5 16. Qe2 Nfe4 17. Nxe4 Nxe4 18. Rfd1 Rc5 19. Qd3 Qc8 20. Be5 Rd8 21.
Nd4 Bd6 22. Bxd6 Nxd6 23. f3 Re8 24. Rd2 Nc4 25. Re2 Nxb2 26. Qa3 Rc1+ 27. Rxc1
Qxc1+ 28. Kf2 Nd1+ 29. Kg3 Qxa3 0-1

[Event "25. Copenhagen Open  (Politiken Cup)"]
[Site "Copenhagen"]
[Date "2003.07.25"]
[Round "11"]
[White "Hjelm, Niclas"]
[Black "Bleis, Christian"]
[Result "1/2-1/2"]
[WhiteElo "2331"]
[BlackElo "2252"]
[PlyCount "83"]
[EventDate "2003.07.14"]
[EventType "swiss"]
[EventRounds "11"]
[EventCountry "DEN"]
[SourceDate "2004.01.01"]

1. Nf3 c5 2. c4 Nc6 3. Nc3 Nd4 4. g3 Nxf3+ 5. exf3 g6 6. d4 Bg7 7. Be3 Qa5 8.
Rc1 d6 9. dxc5 dxc5 10. Qd5 Qb4 11. Qxc5 Bxc3+ 12. bxc3 Qxc5 13. Bxc5 Bd7 14.
Bd3 Nf6 15. O-O Bc6 16. Rfe1 e6 17. Bd4 Ke7 18. Bc5+ Ke8 19. f4 h5 20. h4 Rg8
21. Bd4 Nd7 22. f5 gxf5 23. Bxf5 Kd8 24. Bc2 Ke7 25. Kh2 Nf6 26. Bd1 Ng4+ 27.
Bxg4 hxg4 28. Bc5+ Kf6 29. Rcd1 Kf5 30. Kg1 f6 31. Rd4 e5 32. Rd6 Bf3 33. Be3
Rac8 34. c5 a6 35. Rb1 Rg7 36. Kf1 Rh8 37. Ke1 Rc8 38. Kd2 Rf7 39. a3 Bc6 40.
Rb4 Bf3 41. Rbb6 Bc6 42. Rb4 1/2-1/2

[Event "25. Copenhagen Open  (Politiken Cup)"]
[Site "Copenhagen"]
[Date "2003.07.25"]
[Round "11"]
[White "Houska, Jovanka"]
[Black "Rossen, Claus"]
[Result "1-0"]
[WhiteElo "2350"]
[BlackElo "2202"]
[PlyCount "79"]
[EventDate "2003.07.14"]
[EventType "swiss"]
[EventRounds "11"]
[EventCountry "DEN"]
[SourceDate "2004.01.01"]

1. e4 e5 2. Nc3 Nf6 3. Nf3 Bb4 4. Nxe5 Qe7 5. Nd3 Bxc3 6. dxc3 Qxe4+ 7. Be2 d5
8. O-O O-O 9. Bf3 Qh4 10. Bf4 c6 11. Bg3 Qa4 12. b3 Qa5 13. Re1 Bf5 14. b4 Qb6
15. Nc5 Nbd7 16. Nxd7 Nxd7 17. Qd2 Rfe8 18. a4 a5 19. Rab1 Nf6 20. Be5 Re6 21.
Bd4 Qc7 22. h3 axb4 23. cxb4 Rxa4 24. Qg5 Qe7 25. Bc3 Bg6 26. b5 h6 27. Qg3 c5
28. Rxe6 Qxe6 29. Bxf6 Qxf6 30. Qb8+ Kh7 31. Qxb7 Ra1 32. Rxa1 Qxa1+ 33. Kh2
Qe5+ 34. g3 Qe1 35. Qxd5 Qxf2+ 36. Bg2 Bxc2 37. b6 f5 38. Qf3 Qe1 39. b7 Qb1
40. Qf4 1-0

[Event "25. Copenhagen Open  (Politiken Cup)"]
[Site "Copenhagen"]
[Date "2003.07.25"]
[Round "11"]
[White "Hovmoller, Kristian"]
[Black "Rasmussen, Karsten"]
[Result "0-1"]
[WhiteElo "2302"]
[BlackElo "2437"]
[PlyCount "124"]
[EventDate "2003.07.14"]
[EventType "swiss"]
[EventRounds "11"]
[EventCountry "DEN"]
[SourceDate "2004.01.01"]

1. d4 d5 2. c4 c6 3. Nf3 Nf6 4. Nc3 e6 5. Bg5 h6 6. Bxf6 Qxf6 7. e3 Nd7 8. Bd3
dxc4 9. Bxc4 g6 10. O-O Qe7 11. Re1 Bg7 12. e4 O-O 13. Qe2 b5 14. Bd3 Bb7 15.
e5 c5 16. Nxb5 Bxf3 17. Qxf3 cxd4 18. Qb7 Qd8 19. f4 Nc5 20. Qf3 Rb8 21. b4
Nxd3 22. Qxd3 g5 23. fxg5 Qxg5 24. Nxa7 Rxb4 25. Nc6 Rb2 26. Re2 Rxe2 27. Qxe2
Rc8 28. Qe4 Rc7 29. Nxd4 Qxe5 30. Qxe5 Bxe5 31. Nb5 Rc2 32. Re1 Bg7 33. a3 Rb2
34. Nd6 Bd4+ 35. Kh1 Bc5 36. Ne4 Bxa3 37. h3 f5 38. Ng3 Kf7 39. Nh5 Bd6 40. Rf1
Kg6 41. Nf4+ Bxf4 42. Rxf4 e5 43. Rf1 h5 44. g3 Rb4 45. Re1 Kf6 46. Kg2 h4 47.
gxh4 Rxh4 48. Ra1 Rb4 49. Ra3 f4 50. Ra2 Kf5 51. Rc2 Rb3 52. Rc4 Rg3+ 53. Kh2
Rg7 54. h4 f3 55. h5 e4 56. h6 Rg2+ 57. Kh3 Rg1 58. Rc2 e3 59. h7 f2 60. Kh2
f1=Q 61. Rc5+ Ke6 62. Re5+ Kd6 0-1

[Event "25. Copenhagen Open  (Politiken Cup)"]
[Site "Copenhagen"]
[Date "2003.07.25"]
[Round "11"]
[White "Hvenekilde, Jorgen"]
[Black "Aabling Thomsen, Jakob"]
[Result "1/2-1/2"]
[WhiteElo "2259"]
[BlackElo "2158"]
[PlyCount "114"]
[EventDate "2003.07.14"]
[EventType "swiss"]
[EventRounds "11"]
[EventCountry "DEN"]
[SourceDate "2004.01.01"]

1. d4 Nf6 2. c4 e6 3. Nc3 Bb4 4. Bd2 c5 5. e3 O-O 6. Nf3 cxd4 7. exd4 d5 8. c5
b6 9. a3 Bxc3 10. Bxc3 Ne4 11. Rc1 a5 12. b4 axb4 13. axb4 Ra2 14. Be2 Bd7 15.
O-O Ba4 16. Qd3 bxc5 17. dxc5 Nc6 18. Bd1 Bxd1 19. Qxd1 Nxc3 20. Rxc3 Nxb4 21.
Qb1 Qa5 22. Ng5 g6 23. Rh3 Qxc5 24. Nxh7 Rfa8 25. Nf6+ Kg7 26. Nd7 Qd4 27. Qc1
Rd2 28. Ne5 Qb2 29. Rb3 Qxc1 30. Rxc1 Rc2 31. Rcb1 Nc6 32. Nxc6 Rxc6 33. g3
Rac8 34. Kg2 Rc1 35. Rxc1 Rxc1 36. h4 Kf6 37. Rb7 d4 38. f4 Rc5 39. Kf3 Rd5 40.
Ke2 e5 41. fxe5+ Rxe5+ 42. Kf3 Ke6 43. g4 d3 44. Rb1 Kd5 45. h5 gxh5 46. gxh5
Kd4 47. h6 d2 48. h7 Rh5 49. Ke2 Kc3 50. Ra1 Rxh7 51. Ra3+ Kb2 52. Ra7 Rh2+ 53.
Kd1 f5 54. Rc7 Kb3 55. Rc8 f4 56. Rc7 f3 57. Rc3+ Kxc3 1/2-1/2

[Event "25. Copenhagen Open  (Politiken Cup)"]
[Site "Copenhagen"]
[Date "2003.07.25"]
[Round "11"]
[White "Hogh, Sidsel T"]
[Black "Edvardsson, Hannu Kalervo"]
[Result "0-1"]
[WhiteElo "1438"]
[BlackElo "1325"]
[PlyCount "92"]
[EventDate "2003.07.14"]
[EventType "swiss"]
[EventRounds "11"]
[EventCountry "DEN"]
[SourceDate "2004.01.01"]

1. d4 d5 2. c4 dxc4 3. Nc3 e6 4. e4 Nf6 5. Bxc4 Be7 6. Nf3 O-O 7. O-O b6 8. Bg5
Ba6 9. Qd3 Bxc4 10. Qxc4 Nbd7 11. e5 Ne8 12. Be3 c5 13. Rad1 cxd4 14. Qxd4 Nc5
15. Qg4 Qc7 16. Bh6 Kh8 17. Bf4 Rd8 18. Rxd8 Qxd8 19. Rd1 Qc8 20. Be3 Nc7 21.
Qh5 Kg8 22. Rd4 f5 23. Bg5 Bxg5 24. Qxg5 h6 25. Qd2 Kh7 26. Ne1 Kg8 27. g3 Kh7
28. Ng2 Kg8 29. Nf4 Kh7 30. Nh5 Qe8 31. Nf4 Qc8 32. Nd1 Ne4 33. Qd3 Nc5 34. Qc4
Rd8 35. Ne3 Rxd4 36. Qxd4 Ne4 37. f3 Ng5 38. Kg2 Qb7 39. Qd1 Qc6 40. h4 Nf7 41.
Nd3 Qd7 42. f4 Qd4 43. Qd2 Nd5 44. Nc2 Qe4+ 45. Kh3 Qh1+ 46. Qh2 Qf1+ 0-1

[Event "25. Copenhagen Open  (Politiken Cup)"]
[Site "Copenhagen"]
[Date "2003.07.25"]
[Round "11"]
[White "Jacobsen, Claus"]
[Black "Radovic, Slobodan"]
[Result "1-0"]
[WhiteElo "1075"]
[BlackElo "1391"]
[PlyCount "97"]
[EventDate "2003.07.14"]
[EventType "swiss"]
[EventRounds "11"]
[EventCountry "DEN"]
[SourceDate "2004.01.01"]

1. e4 c6 2. Nf3 d5 3. exd5 cxd5 4. d4 Nf6 5. Be2 e6 6. Bf4 Nc6 7. c3 Bd6 8. Bg3
O-O 9. Nbd2 Re8 10. Qc2 h6 11. O-O-O a6 12. Ne5 b5 13. Nxc6 Qc7 14. Bxd6 Qxd6
15. Na5 b4 16. c4 dxc4 17. Ndxc4 Qb8 18. b3 Bb7 19. f3 Bd5 20. Nd2 Rc8 21. Nac4
Qf4 22. Kb1 Nd7 23. Qd3 a5 24. Rc1 Bb7 25. Rc2 a4 26. g3 Qb8 27. Rhc1 axb3 28.
Nxb3 Qa7 29. Nd6 Rc3 30. Nb5 Rxd3 31. Nxa7 Rxb3+ 32. axb3 Rxa7 33. Ra2 Rxa2 34.
Kxa2 Bd5 35. f4 Nf6 36. Bd3 g5 37. f5 Ng4 38. h3 Nf2 39. Bc4 Bxc4 40. Rxc4 Nxh3
41. fxe6 fxe6 42. Rxb4 Kf7 43. Rb7+ Kf6 44. b4 g4 45. b5 Ng5 46. Rd7 Ne4 47. b6
Nc3+ 48. Kb3 Ne4 49. b7 1-0

[Event "25. Copenhagen Open  (Politiken Cup)"]
[Site "Copenhagen"]
[Date "2003.07.25"]
[Round "11"]
[White "Jessen, Simon Pind"]
[Black "Dalso, Harry"]
[Result "1/2-1/2"]
[WhiteElo "2085"]
[BlackElo "1802"]
[PlyCount "35"]
[EventDate "2003.07.14"]
[EventType "swiss"]
[EventRounds "11"]
[EventCountry "DEN"]
[SourceDate "2004.01.01"]

1. d4 Nf6 2. c4 e6 3. Nc3 Bb4 4. Qc2 O-O 5. Bd2 b6 6. Nf3 d6 7. e4 Bb7 8. Bd3
Nbd7 9. a3 Bxc3 10. Bxc3 c5 11. Rd1 cxd4 12. Nxd4 Nc5 13. f3 e5 14. Nf5 g6 15.
Ne3 Nh5 16. b4 Ne6 17. Qf2 Qe7 18. g3 1/2-1/2

[Event "25. Copenhagen Open  (Politiken Cup)"]
[Site "Copenhagen"]
[Date "2003.07.25"]
[Round "11"]
[White "Johansson, Thomas"]
[Black "Jakobsen, Hans Endrup"]
[Result "1/2-1/2"]
[WhiteElo "2231"]
[BlackElo "1918"]
[PlyCount "54"]
[EventDate "2003.07.14"]
[EventType "swiss"]
[EventRounds "11"]
[EventCountry "DEN"]
[SourceDate "2004.01.01"]

1. e4 c5 2. b3 d6 3. Bb2 Nf6 4. Nc3 Nc6 5. Bb5 Bd7 6. Bxc6 Bxc6 7. Qe2 e6 8. f4
Be7 9. Nf3 a6 10. d4 cxd4 11. Nxd4 Rc8 12. O-O-O Qa5 13. Kb1 O-O 14. g4 b5 15.
g5 Nd7 16. Rd3 Rfe8 17. f5 b4 18. fxe6 Ne5 19. exf7+ Nxf7 20. Nxc6 Rxc6 21. Nd5
Bxg5 22. Rg1 Rec8 23. Qh5 Rxc2 24. Ne7+ Kf8 25. Nxc8 Rxb2+ 26. Kxb2 Bc1+ 27.
Rxc1 Qxh5 1/2-1/2

[Event "25. Copenhagen Open  (Politiken Cup)"]
[Site "Copenhagen"]
[Date "2003.07.25"]
[Round "11"]
[White "Johnson, Bjrn"]
[Black "Andersson, Christin"]
[Result "1-0"]
[WhiteElo "2256"]
[BlackElo "2149"]
[PlyCount "107"]
[EventDate "2003.07.14"]
[EventType "swiss"]
[EventRounds "11"]
[EventCountry "DEN"]
[SourceDate "2004.01.01"]

1. Nf3 Nf6 2. b3 g6 3. Bb2 Bg7 4. g3 O-O 5. Bg2 d5 6. O-O c5 7. c4 e6 8. d3 Nc6
9. a3 b6 10. Nbd2 Bb7 11. cxd5 exd5 12. Rc1 Re8 13. Re1 d4 14. b4 Qe7 15. bxc5
bxc5 16. Qc2 Bf8 17. Nb3 Nd7 18. e3 Nce5 19. Nxe5 Nxe5 20. exd4 Bxg2 21. Rxe5
Qb7 22. Na5 Qf3 23. Re3 Rxe3 24. fxe3 Bh3 25. Qf2 Qd5 26. e4 Qd8 27. Nc6 Qg5
28. d5 Bg7 29. Re1 Re8 30. Bxg7 Kxg7 31. Qf4 Qxd5 32. exd5 Rxe1+ 33. Kf2 Rf1+
34. Ke3 Rxf4 35. Kxf4 Kf6 36. Nxa7 Bf1 37. Ke3 Ke5 38. Nb5 Kxd5 39. Nc3+ Kc6
40. Ne4 c4 41. d4 Bd3 42. Ng5 Bf5 43. Kd2 Kd5 44. Kc3 h5 45. Nxf7 Be6 46. Ne5
g5 47. Nxc4 Ke4 48. Nb6 Bg4 49. a4 Be2 50. a5 Ba6 51. Nd7 Kf3 52. Nc5 Bb5 53.
d5 g4 54. a6 1-0

[Event "25. Copenhagen Open  (Politiken Cup)"]
[Site "Copenhagen"]
[Date "2003.07.25"]
[Round "11"]
[White "Kaaber Hansen, Jacob"]
[Black "Busk, Casper"]
[Result "1/2-1/2"]
[WhiteElo "2032"]
[BlackElo "2126"]
[PlyCount "45"]
[EventDate "2003.07.14"]
[EventType "swiss"]
[EventRounds "11"]
[EventCountry "DEN"]
[SourceDate "2004.01.01"]

1. Nf3 b5 2. e4 Bb7 3. Bxb5 Bxe4 4. O-O Nf6 5. Nc3 Bb7 6. d4 e6 7. a3 Be7 8.
Ne5 O-O 9. Be3 d6 10. Nd3 Nbd7 11. Qe2 Nb6 12. Nf4 a6 13. Bd3 Re8 14. Nh5 Nbd5
15. Nxd5 Nxd5 16. c4 Nxe3 17. fxe3 f5 18. e4 Bf6 19. Nxf6+ Qxf6 20. Qe3 Qg6 21.
Rae1 Rf8 22. Rf2 fxe4 23. Rxf8+ 1/2-1/2

[Event "25. Copenhagen Open  (Politiken Cup)"]
[Site "Copenhagen"]
[Date "2003.07.25"]
[Round "11"]
[White "Korolev, Nikolaj"]
[Black "Hasling, Rolf Hjortkjaer"]
[Result "1-0"]
[WhiteElo "2117"]
[BlackElo "2040"]
[PlyCount "57"]
[EventDate "2003.07.14"]
[EventType "swiss"]
[EventRounds "11"]
[EventCountry "DEN"]
[SourceDate "2004.01.01"]

1. e4 c5 2. Nf3 Nc6 3. d4 cxd4 4. Nxd4 d6 5. Nc3 e5 6. Nf5 Bxf5 7. exf5 Be7 8.
Be3 Nf6 9. Bc4 a6 10. g4 h5 11. g5 Ng4 12. h4 Nxe3 13. fxe3 Bxg5 14. hxg5 Qxg5
15. Qf3 Ne7 16. Ne4 Qh6 17. f6 d5 18. fxg7 Qxg7 19. Nf6+ Kf8 20. Nxd5 Nxd5 21.
Bxd5 e4 22. Qf4 Rh6 23. O-O-O Rb6 24. Bb3 Rf6 25. Qxe4 Re8 26. Qb4+ Kg8 27.
Rxh5 Qg3 28. Kb1 Qg4 29. Qxg4+ 1-0

[Event "25. Copenhagen Open  (Politiken Cup)"]
[Site "Copenhagen"]
[Date "2003.07.25"]
[Round "11"]
[White "Kristjansson, Atli Freyr"]
[Black "Nielsen, Jrgen Kamp"]
[Result "1-0"]
[WhiteElo "1560"]
[BlackElo "1170"]
[PlyCount "43"]
[EventDate "2003.07.14"]
[EventType "swiss"]
[EventRounds "11"]
[EventCountry "DEN"]
[SourceDate "2004.01.01"]

1. e4 Nf6 2. e5 Nd5 3. d4 d6 4. Nf3 dxe5 5. Nxe5 g6 6. g3 Bg7 7. Bg2 Nc6 8.
Nxc6 bxc6 9. c4 Nb4 10. a3 Qd6 11. axb4 Qxb4+ 12. Qd2 Qxc4 13. Qc3 Qe6+ 14. Be3
O-O 15. Qxc6 Qb3 16. Qc3 Qxc3+ 17. bxc3 Rb8 18. O-O e5 19. Rxa7 Bf5 20. Nd2
exd4 21. cxd4 Rb2 22. Nf3 1-0

[Event "25. Copenhagen Open  (Politiken Cup)"]
[Site "Copenhagen"]
[Date "2003.07.25"]
[Round "11"]
[White "Lahlum, Hans Olav"]
[Black "Struch, Thomas"]
[Result "1/2-1/2"]
[WhiteElo "2202"]
[BlackElo "1600"]
[PlyCount "44"]
[EventDate "2003.07.14"]
[EventType "swiss"]
[EventRounds "11"]
[EventCountry "DEN"]
[SourceDate "2004.01.01"]

1. d4 d5 2. c4 dxc4 3. e4 e5 4. Nf3 exd4 5. Bxc4 Nc6 6. O-O Be6 7. Bxe6 fxe6 8.
Qb3 Qd7 9. Ng5 Nd8 10. Nd2 Be7 11. Nc4 Bxg5 12. Bxg5 Nf6 13. e5 Nd5 14. Bxd8
Qxd8 15. Qxb7 O-O 16. g3 Qg5 17. f4 Qg6 18. Qc6 Rad8 19. Kh1 Qe4+ 20. Kg1 Qg6
21. Kh1 Qe4+ 22. Kg1 Qg6 1/2-1/2

[Event "25. Copenhagen Open  (Politiken Cup)"]
[Site "Copenhagen"]
[Date "2003.07.25"]
[Round "11"]
[White "Lappage, Jonathan"]
[Black "Malmberg, Mio"]
[Result "0-1"]
[WhiteElo "2208"]
[BlackElo "2095"]
[PlyCount "138"]
[EventDate "2003.07.14"]
[EventType "swiss"]
[EventRounds "11"]
[EventCountry "DEN"]
[SourceDate "2004.01.01"]

1. e4 e6 2. Nc3 d5 3. d4 Bb4 4. e5 c5 5. Bd2 Ne7 6. Nb5 Bxd2+ 7. Qxd2 O-O 8. c3
Nbc6 9. f4 a6 10. Nd6 cxd4 11. cxd4 f6 12. Nf3 Ng6 13. Nxc8 Rxc8 14. g3 fxe5
15. dxe5 Qb6 16. Bd3 Nb4 17. Bb1 Rc4 18. b3 Re4+ 19. Kf1 Qb5+ 20. Kf2 Nxf4 21.
Bxe4 dxe4 22. gxf4 Rxf4 23. Rhf1 Nd3+ 24. Kg2 exf3+ 25. Rxf3 Rxf3 26. Kxf3 Qd5+
27. Ke3 Qxe5+ 28. Kxd3 Qxa1 29. Qe2 Qb1+ 30. Kc3 Qc1+ 31. Kb4 Qc6 32. a4 Qd5
33. Qc2 h5 34. Ka3 a5 35. Qg6 h4 36. h3 Qc5+ 37. Ka2 Qf5 38. Qg2 b6 39. Qc6
Qf2+ 40. Kb1 Qe3 41. Qe8+ Kh7 42. Qh5+ Qh6 43. Qb5 Qg6+ 44. Kb2 e5 45. Qe2 Qf5
46. Ka2 g6 47. Qe3 Qc2+ 48. Ka1 Qc5 49. Qf3 Qg1+ 50. Ka2 Qg3 51. Qf7+ Kh6 52.
Qf8+ Kg5 53. Qe7+ Kf4 54. Qf6+ Ke4 55. Qxb6 Qxh3 56. Qxg6+ Qf5 57. Qc6+ Kf4 58.
Qc1+ Kg4 59. Qd1+ Qf3 60. Qd7+ Kg3 61. Qg7+ Kf2 62. Qa7+ Kf1 63. Ka3 e4 64.
Qa6+ Kf2 65. Qxa5 e3 66. Qg5 h3 67. a5 h2 68. Qh4+ Kg1 69. Qg5+ Kf1 0-1

[Event "25. Copenhagen Open  (Politiken Cup)"]
[Site "Copenhagen"]
[Date "2003.07.25"]
[Round "11"]
[White "Larsen, Alex"]
[Black "Christoffersen, Jan"]
[Result "0-1"]
[WhiteElo "1305"]
[BlackElo "1398"]
[PlyCount "92"]
[EventDate "2003.07.14"]
[EventType "swiss"]
[EventRounds "11"]
[EventCountry "DEN"]
[SourceDate "2004.01.01"]

1. d4 Nf6 2. Nf3 g6 3. b3 c6 4. Bb2 d5 5. e3 Bg4 6. Be2 Ne4 7. O-O Bg7 8. Ne5
Bxe2 9. Qxe2 O-O 10. f3 Nd6 11. Nd2 e6 12. Ba3 Re8 13. c4 f6 14. Ng4 b6 15. c5
bxc5 16. dxc5 Nb7 17. Rac1 Nd7 18. b4 a6 19. Nb3 e5 20. Rcd1 Nf8 21. Bc1 Qe7
22. e4 d4 23. Bh6 Ne6 24. Qc4 Bxh6 25. Nxh6+ Kg7 26. Qc1 Nf4 27. Qd2 Kxh6 28.
g3 g5 29. gxf4 gxf4 30. Qf2 Rg8+ 31. Kh1 Rg5 32. Rg1 Kg7 33. Nd2 a5 34. bxa5
Nxc5 35. Nc4 Kh8 36. Qh4 Rag8 37. Qh3 Qg7 38. Qf1 h5 39. Nd6 Rxg1+ 40. Qxg1 Qd7
41. Qf2 Qxd6 42. Qh4 Rg5 43. Rg1 Rxg1+ 44. Kxg1 Qe7 45. Qxh5+ Qh7 46. Qe8+ Qg8+
0-1